Catálogo

CRONICAS DE INDIAS (Registro nro. 34519)

Detalles MARC
000 -LEADER
fixed length control field 00461nam a2200169 a 4500
001 - CONTROL NUMBER
control field 34519
005 - DATE AND TIME OF LATEST TRANSACTION
control field 20180714002647.0
008 - FIXED-LENGTH DATA ELEMENTS--GENERAL INFORMATION
fixed length control field 140415s1972 sp 000 0 spa d
041 ## - LANGUAGE CODE
Language code of text/sound track or separate title spa
082 ## - DEWEY DECIMAL CLASSIFICATION NUMBER
Classification number 800
Item number BIB
245 00 - TITLE STATEMENT
Title CRONICAS DE INDIAS
250 ## - EDITION STATEMENT
Edition statement 1a ed.
260 ## - PUBLICATION, DISTRIBUTION, ETC.
Place of publication, distribution, etc. ESPAÑA :
Name of publisher, distributor, etc. SALVAT EDITORES,
Date of publication, distribution, etc. 1972
300 ## - PHYSICAL DESCRIPTION
Extent 209
490 ## - SERIES STATEMENT
Series statement BIBLIOTECA GENERAL SALVAT
Volume/sequential designation 53
650 14 - SUBJECT ADDED ENTRY--TOPICAL TERM
Topical term or geographic name entry element AMERICA
General subdivision DESCUBRIMIENTO Y EXPLORACIONES
-- ESPAOLES
Existencias
Withdrawn status Lost status Source of classification or shelving scheme Damaged status Not for loan Collection code Home library Current library Shelving location Date acquired Source of acquisition Inventory number Total Checkouts Full call number Barcode Date last seen Price effective from Koha item type
    Dewey Decimal Classification     General Biblioteca Karol Wojtyla Biblioteca Karol Wojtyla Área de silencio 03/12/2013 Compra 151000000000000000031386   800 BIB 52277 05/01/2026 03/12/2013 Libro